LEADER 01173nam0 2200277 450 001 000033822 005 20210920100830.0 100 $a20210920d1896----km-y0itay50------ba 101 0 $afre 102 $aFR 105 $ay-------001yy 200 1 $aCode maritime britannique$eLoi anglaise sur la marine marchande (merchant shipping act, 1894)$e57 et 58 Vict., ch 60., 25 Aout 1894 en vigueur depuis le 1. Janvier 1895$ftraduite, annotée, précédée d'une introduction et suivie d'une table alphabetique par Henri Fromageot 210 $aParis$cA. Durand et Pedone-Lauriel$d1896 215 $aLVI, 460 p.$d22 cm. 225 2 $aCollection de codes etrangers$v13 410 0$12001$aCollection de codes etrangers$v13 500 10$aCode maritime britannique$9707404 610 1 $aCodice marittimo$aInghilterra$a1896 676 $a343.41096$v21$9Diritto dei trasporti per via d'acqua. Isole Britanniche. 702 1$aFromageot,$bHenri$f<1864-1949> 710 02$aGran Bretagna$06217 801 0$aIT$bUNIPARTHENOPE$c20210920$gRICA$2UNIMARC 912 $a000033822 951 $aDiSEG A-I 24$b1274$cNAVA1$d2021 996 $aCode maritime britannique$9707404 997 $aUNIPARTHENOPE